Statistics for Minecraft Blocks by Picture #3

Click here to take the quiz!

General Stats

  • This quiz has been taken 41 times
  • The average score is 17 of 20

Answer Stats

Answer% Correct
Bedrock
97%
Block of Redstone
97%
Copper Ore
97%
Glowstone
97%
Green Wool
97%
Ice
97%
Lapis Lazuli Ore
97%
Melon
97%
Barrel
94%
Magma Block
94%
Note Block
88%
Sticky Piston
88%
Target
85%
Smoker
82%
Loom
79%
End Stone Bricks
76%
Cherry Log
73%
Birch Wood
70%
Chiseled Sandstone
70%
Light Blue Concrete
70%

Score Distribution

Percentile by Number Answered

Percent of People with Each Score

Your Score History

You have not taken this quiz